Statistics for Name these famous Charles

Click here to take the quiz!

General Stats

  • This quiz has been taken 13 times
  • The average score is 7 of 15

Answer Stats

HintName% Correct
English naturalist, geologist and biologist widely known for contributions to evolutionary biologyCharles Darwin
100%
Former president of France with an aiport named after himCharles de Gaulle
100%
English novelist known for "Oliver Twist" and "Great Expectations"Charles Dickens
100%
American aviator known for making the first solo transatlantic airplane flight in 1927Charles Augustus Lindbergh
91%
Current king of the United KingdomCharles III
82%
American former professional basketball player who is a television analyst on TNT and CBS SportsCharles Barkley
64%
American criminal and cult leaderCharles Manson
55%
French author who wrote fairy tales like "The Sleeping Beauty" "Little Red Riding Hood" "Cinderella"Charles Perrault
27%
Monacan racedriver who won the GP3 Series championship in 2016 and the FIA Formula 2 Championship in 2017Charles Leclerc
18%
American actor known for his role in the CW series RiverdaleCharles Melton
18%
American businessman and the founder of the second-largest pharmacy store chain in the United StatesCharles Rudolph Walgreen
18%
American former football defensive back who played in the National Football League for 18 seasons with the Oakland Raiders and Green Bay PackersCharles Woodson
18%
British Royal Navy officer, diplomat, and colonial administrator that became the first Administrator of Hong KongCharles Elliot
9%
English-American fashion designer best known for ballgownsCharles James
9%
Brazilian professional mixed martial artist and third degree black belt Brazilian jiu-jitsu practitionerCharles Oliveira
9%

Score Distribution

Percentile by Number Answered

Percent of People with Each Score

Your Score History

You have not taken this quiz